| 000 | 00718nam a2200205Ia 4500 | ||
|---|---|---|---|
| 003 | GCL | ||
| 008 | 140319s9999 xx 000 0 ara d | ||
| 040 |
_aGCL / _cGCL |
||
| 082 | 0 | 4 |
_a212 _bس ص |
| 100 | 1 | _aالسيد الشحات احمد حسن | |
| 245 | 1 | 0 |
_aالصراع القيمى لدى الشباب ومواجهتة من منظور التربية الاسلامية / _cالسيد الشحات احمد حسن |
| 260 |
_a[S.N] : _bدار الفكر العربى ، _c1988 |
||
| 300 | _a388 ص | ||
| 490 | _a | ||
| 650 | 0 | 4 | _aالاسلام |
| 650 | 0 | 4 | _aالاخلاق الاسلامية |
| 650 | 0 | 4 | _aالاداب الاسلامية |
| 650 | 0 | 4 | _aالتربية الاسلامية |
| 942 |
_2ddc _cBK |
||
| 999 |
_c32066 _d32066 |
||